000 00507nam a2200169Ia 4500
003 GCL
008 140319s9999 xx 000 0 eng d
040 _aGCL /
_cGCL
082 0 4 _aCH
_b823.087
_bW O
100 1 _aWAGNALLS AND CTW \ FUNK
245 1 0 _aON MY WAY WITH SESAME STREET: CARS AND PLANES, TRUCKS AND TRAINS /
_cWAGNALLS AND CTW \ FUNK
260 _a[S.N] :
_bWESTERN PUBLISHING COMPANY ،
_c1989
650 0 4 _aLITERATURE
650 0 4 _aFICTION
650 0 4 _aCHILDREN - FICTION
942 _2ddc
_cBK
999 _c14302
_d14302